| 000 | 00752nam a22001937a 4500 | ||
|---|---|---|---|
| 003 | 0 | ||
| 005 | 20250114152906.0 | ||
| 008 | 160118b xxu||||| |||| 00| 0 eng d | ||
| 050 |
_aPHS LB 1028.3 _b.M185 2015 |
||
| 100 | _aMaeng, Ji Hun (Jack) | ||
| 245 |
_aSignificant relationship of usage of electronic gadgets to student's behavior in class _cMaeng Ji Hun (Jack) |
||
| 260 |
_aLas PiƱas, Philippines : _bSouthville International School and Colleges, _c2015. |
||
| 300 |
_a22 p. : _bill. ; _c28 cm. |
||
| 504 | _aIncludes bibliographical references. | ||
| 650 |
_aEducational technology _vPsychological aspects. |
||
| 650 |
_aElectronic devices _vImpact on student behavior. |
||
| 650 |
_aTechnology and youth _vSocial aspects. |
||
| 942 |
_2lcc _cPASS |
||
| 999 |
_c290434 _d290434 |
||